[Event "Montreal Varennes op"]
[Site "Montreal"]
[Date "2014.11.09"]
[Round "5"]
[White "Le Duin, Thierry"]
[Black "Giroux, Robert"]
[Result "1-0"]
[WhiteElo "2041"]
[BlackElo "1960"]
[PlyCount "83"]
[EventDate "2014.11.07"]
[EventType "swiss"]
[EventRounds "5"]
[EventCountry "CAN"]
[SourceTitle "EXT 2022"]
[Source "ChessBase"]
[SourceDate "2021.10.06"]
[SourceVersion "1"]
[SourceVersionDate "2021.10.06"]
[SourceQuality "1"]

1. d4 g6 2. c4 Bg7 3. Nc3 d6 4. e4 e5 5. d5 a5 6. Bd3 Na6 7. Be3 Ne7 8. f3 f5 9. Nge2 0-0 10. Qd2 f4 11. Bf2 Nb4 12. a3 Na6 13. Nc1 Bd7 14. Nb3 a4 15. Nc1 b6 16. Bc2 Nc5 17. Qd1 Qe8 18. N1a2 Kh8 19. Nb4 g5 20. h3 Bf6 21. Qe2 Kg7 22. Nb5 Qc8 23. Na2 Qb7 24. Nac3 Nc8 25. Bxc5 bxc5 26. Bxa4 c6 27. dxc6 Bxc6 28. Bc2 h5 29. Rd1 Be7 30. a4 Rf6 31. Nd5 Rg6 32. b3 Bd8 33. Kd2 Ba5+ 34. Kc1 Bd7 35. Bd3 Be6 36. Qb2 Qd7 37. h4 Kg8 38. hxg5 Bxd5 39. exd5 Rxg5 40. Rh2 Ne7 41. Qc2 Nf5 42. Bxf5 1-0

[Event "Quebec-ch Amateur"]
[Site "Montreal"]
[Date "2014.10.12"]
[Round "4"]
[White "Sambuev, Bator"]
[Black "Le Duin, Thierry"]
[Result "1-0"]
[WhiteElo "2569"]
[BlackElo "2070"]
[PlyCount "61"]
[EventDate "2014.10.10"]
[EventType "swiss"]
[EventRounds "7"]
[EventCountry "CAN"]
[SourceTitle "EXT 2022"]
[Source "ChessBase"]
[SourceDate "2021.10.06"]
[SourceVersion "1"]
[SourceVersionDate "2021.10.06"]
[SourceQuality "1"]

1. d4 Nf6 2. c4 c5 3. e3 g6 4. Nc3 Bg7 5. Nf3 0-0 6. Be2 d6 7. 0-0 b6 8. h3 Bb7 9. d5 a6 10. a4 Nbd7 11. e4 Ne8 12. Bg5 Nc7 13. Qd2 Ne5 14. Nh2 f6 15. Be3 Bc8 16. f4 Nf7 17. Rab1 a5 18. h4 Bd7 19. h5 Qe8 20. hxg6 hxg6 21. b3 Kh7 22. Rf3 Bh6 23. Rg3 Rg8 24. Ng4 Qf8 25. Kf2 Qg7 26. Rh1 Bxg4 27. Bxg4 Raf8 28. Bf5 Qh8 29. Be6 Rg7 30. Rgh3 g5 31. g3 1-0

[Event "Canadian op U2400"]
[Site "Montreal"]
[Date "2014.07.25"]
[Round "8"]
[White "Sprumont, Oscar"]
[Black "Le Duin, Thierry"]
[Result "1-0"]
[WhiteElo "1948"]
[BlackElo "2062"]
[PlyCount "107"]
[EventDate "2014.07.19"]
[EventType "swiss"]
[EventRounds "9"]
[EventCountry "CAN"]
[SourceTitle "EXT 2022"]
[Source "ChessBase"]
[SourceDate "2021.10.06"]
[SourceVersion "1"]
[SourceVersionDate "2021.10.06"]
[SourceQuality "1"]

1. Nf3 d5 2. c4 e6 3. g3 c6 4. b3 Nf6 5. Bg2 g6 6. Bb2 Bg7 7. 0-0 0-0 8. Qc2 Nbd7 9. d4 Ne4 10. Nbd2 Ndf6 11. Ne5 Nxd2 12. Qxd2 Ne4 13. Qc2 f6 14. Nf3 Bh6 15. Bc1 Bg7 16. Bb2 Bd7 17. Ne1 f5 18. Nf3 Qb6 19. Ne5 Rad8 20. c5 Qc7 21. b4 a6 22. Rfd1 Be8 23. Qb3 Qe7 24. e3 g5 25. f4 Bh5 26. Re1 Bf6 27. a4 Kh8 28. Nf3 gxf4 29. exf4 Rg8 30. Qd3 Rg7 31. Nd2 Rdg8 32. Re3 Bh4 33. Nxe4 fxe4 34. Qd2 Bxg3 35. Rxg3 Rxg3 36. hxg3 Rxg3 37. Qf2 Qg7 38. Kh2 Rg6 39. Ra3 Bg4 40. Rg3 Qh6+ 41. Kg1 Qh4 42. Bc1 Qf6 43. Bb2 Qf5 44. b5 axb5 45. axb5 h5 46. bxc6 bxc6 47. Kh2 h4 48. Ra3 Qf6 49. Bxe4 Bf5 50. Bxf5 exf5 51. Qe2 Qe6 52. Qe5+ Rf6 53. Rh3 Kg7 54. Rxh4 1-0

[Event "Canadian op U2400"]
[Site "Montreal"]
[Date "2014.07.20"]
[Round "3"]
[White "Le Duin, Thierry"]
[Black "Doknjas, Joshua"]
[Result "1-0"]
[WhiteElo "2062"]
[BlackElo "1849"]
[PlyCount "93"]
[EventDate "2014.07.19"]
[EventType "swiss"]
[EventRounds "9"]
[EventCountry "CAN"]
[SourceTitle "EXT 2022"]
[Source "ChessBase"]
[SourceDate "2021.10.06"]
[SourceVersion "1"]
[SourceVersionDate "2021.10.06"]
[SourceQuality "1"]

1. d4 d5 2. Nf3 Nf6 3. c3 Bf5 4. Nh4 Bd7 5. Nf3 Bf5 6. Bg5 h6 7. Bxf6 exf6 8. g3 c6 9. Bg2 Bd6 10. 0-0 0-0 11. a4 Be6 12. Qd3 f5 13. e3 Nd7 14. b4 Qf6 15. Nbd2 g5 16. Nb3 f4 17. exf4 gxf4 18. Nh4 Rfc8 19. Nc1 Nf8 20. Ne2 Ng6 21. Nxg6 fxg6 22. Nxf4 Bxf4 23. gxf4 Bf5 24. Qg3 Kf7 25. Rfe1 Re8 26. Re5 Re6 27. Rae1 Rae8 28. Bh3 Bxh3 29. Qxh3 h5 30. Qg3 Kg7 31. Rxe6 Rxe6 32. Re5 Kf7 33. h4 Ke7 34. Qg5 Qxg5+ 35. fxg5 Kd6 36. f4 Re7 37. Kg2 Rf7 38. Kf3 b6 39. Re8 Rg7 40. f5 gxf5 41. Kf4 Kd7 42. Re5 Rf7 43. Rxf5 Re7 44. g6 Re8 45. Kg5 Rg8 46. Kxh5 Ke6 47. Kg5 1-0

[Event "Canadian op U2400"]
[Site "Montreal"]
[Date "2014.07.19"]
[Round "1"]
[White "Le Duin, Thierry"]
[Black "Thau, Peter L"]
[Result "1-0"]
[WhiteElo "2062"]
[BlackElo "1813"]
[PlyCount "129"]
[EventDate "2014.07.19"]
[EventType "swiss"]
[EventRounds "9"]
[EventCountry "CAN"]
[SourceTitle "EXT 2022"]
[Source "ChessBase"]
[SourceDate "2021.10.06"]
[SourceVersion "1"]
[SourceVersionDate "2021.10.06"]
[SourceQuality "1"]

1. d4 f5 2. c4 Nf6 3. Nc3 g6 4. h3 d6 5. Bf4 Bg7 6. e3 Be6 7. Bd3 Qd7 8. Nge2 c6 9. 0-0 Na6 10. a3 0-0 11. b4 Nc7 12. Rb1 b5 13. c5 dxc5 14. bxc5 Ncd5 15. Bh2 Nxc3 16. Nxc3 Nd5 17. Ne2 Nf6 18. Be5 a5 19. Bc2 Nd5 20. Bxg7 Kxg7 21. Bb3 a4 22. Bxd5 Bxd5 23. Nf4 Rad8 24. Rb4 Rfe8 25. Nd3 Qc7 26. Ne5 Rf8 27. f4 Qc8 28. Qe1 Qe6 29. Rb2 Ra8 30. Qh4 Rh8 31. Kf2 Rae8 32. Rg1 Qf6 33. Qg3 Rd8 34. Rh1 Rhg8 35. h4 h5 36. Rh3 Bc4 37. Qh2 Bd5 38. Rg3 Bf7 39. Rg5 Kh7 40. Qg3 Be8 41. Qf3 Rd5 42. Rxb5 Rxd4 43. exd4 cxb5 44. Qb7 Kh8 45. d5 Rf8 46. c6 Qd6 47. c7 Qc5+ 48. Kg3 Qc3+ 49. Kh2 Qd4 50. c8Q Qxf4+ 51. Rg3 Qxh4+ 52. Kg1 Qd4+ 53. Kh1 Qh4+ 54. Rh3 Qe1+ 55. Kh2 Qxe5+ 56. Rg3 h4 57. Qc3 hxg3+ 58. Qxg3 Qe4 59. Qbc7 Kg7 60. Qge5+ Qxe5+ 61. Qxe5+ Kf7 62. Qe6+ Kg7 63. Qxe7+ Bf7 64. d6 Re8 65. Qc7 1-0

[Event "Elite-ch POM"]
[Site "Montreal"]
[Date "2013.10.11"]
[Round "1"]
[White "Chiku Ratte, Olivier Kenta"]
[Black "Le Duin, Thierry"]
[Result "1-0"]
[WhiteElo "2206"]
[BlackElo "2051"]
[PlyCount "173"]
[EventDate "2013.10.11"]
[EventType "swiss"]
[EventRounds "7"]
[EventCountry "CAN"]
[SourceTitle "EXT 2022"]
[Source "ChessBase"]
[SourceDate "2021.10.06"]
[SourceVersion "1"]
[SourceVersionDate "2021.10.06"]
[SourceQuality "1"]

1. d4 Nf6 2. c4 c6 3. Nc3 d5 4. Nf3 Bg4 5. Ne5 Bh5 6. cxd5 Nxd5 7. g3 e6 8. Bg2 Nd7 9. Nd3 Bd6 10. 0-0 0-0 11. Nxd5 exd5 12. Nf4 Bg4 13. f3 Bf5 14. e4 Be6 15. e5 Bc7 16. Nxe6 fxe6 17. Bh3 Qe7 18. f4 g6 19. Qg4 Rae8 20. Bd2 Bb6 21. Bc3 c5 22. Rad1 cxd4 23. Bxd4 Bxd4+ 24. Rxd4 Qc5 25. Rfd1 Nb8 26. Kh1 Nc6 27. R4d3 Rf7 28. Qe2 Qc4 29. b3 Qb5 30. Qb2 a5 31. Rc3 Ree7 32. Rdc1 Kg7 33. Qa3 Qb4 34. Qb2 Qe4+ 35. Qg2 Qxg2+ 36. Kxg2 Rf8 37. a4 Rd8 38. Kf3 Kf7 39. Bf1 Rc7 40. Bb5 Rdc8 41. Kf2 Ke7 42. Bd3 Kd8 43. Be2 Nd4 44. Rxc7 Rxc7 45. Rxc7 Kxc7 46. Bd1 Kc6 47. Ke3 Kc5 48. Kd3 b6 49. Kc3 Nf5 50. Bf3 Nd4 51. Bg4 Nf5 52. Bh3 Nd4 53. Bf1 Nf3 54. Bb5 Nxh2 55. Bd7 Nf1 56. g4 d4+ 57. Kd3 Kd5 58. Bb5 Ne3 59. g5 Kc5 60. Bd7 Nd5 61. Ke4 Nc7 62. Kd3 Kd5 63. Bc8 Kc5 64. Bb7 Nd5 65. Ke4 Nc3+ 66. Kf3 Nd5 67. Ba6 Nc3 68. Bd3 Nd5 69. Bc4 Nc7 70. Ke4 Kc6 71. Kxd4 Kd7 72. Kc3 Ke7 73. b4 axb4+ 74. Kxb4 Kd8 75. a5 bxa5+ 76. Kxa5 Ke7 77. Kb6 Ne8 78. Kc5 Ng7 79. Be2 Nf5 80. Bg4 Ne3 81. Bh3 Nd1 82. Kd4 Nb2 83. Bg2 Na4 84. Bc6 Nb2 85. Kc3 Nd1+ 86. Kd2 Nf2 87. Bf3 1-0

[Event "Montreal Elite POM"]
[Site "Montreal"]
[Date "2012.10.08"]
[Round "7.3"]
[White "Le Duin, Thierry"]
[Black "Sambuev, Bator"]
[Result "0-1"]
[WhiteElo "2023"]
[BlackElo "2594"]
[PlyCount "76"]
[EventDate "2012.10.05"]
[EventType "swiss"]
[EventRounds "7"]
[EventCountry "CAN"]
[SourceTitle "EXT 2022"]
[Source "ChessBase"]
[SourceDate "2021.10.06"]
[SourceVersion "1"]
[SourceVersionDate "2021.10.06"]
[SourceQuality "1"]

1. d4 Nf6 2. Nf3 g6 3. c4 Bg7 4. Nc3 0-0 5. Bf4 d6 6. e3 c5 7. Be2 Qb6 8. Qb3 Qxb3 9. axb3 Nc6 10. 0-0 b6 11. Rfd1 Bf5 12. Bd3 Bg4 13. d5 Nb4 14. Be2 h6 15. h3 Bf5 16. Ne1 g5 17. Bh2 Ne4 18. Nxe4 Bxe4 19. Rd2 Bg6 20. f3 a6 21. g4 f5 22. Nd3 f4 23. e4 Bd4+ 24. Kh1 Be3 25. Rdd1 Nc2 26. Rab1 Nd4 27. Re1 Nxb3 28. Bg1 b5 29. cxb5 axb5 30. Bxe3 fxe3 31. Kg2 Kg7 32. Bd1 Nd2 33. Rc1 Nxe4 34. Rxe3 Nf6 35. Rxe7+ Rf7 36. Rxf7+ Bxf7 37. Nxc5 dxc5 38. Rxc5 Nxd5 0-1

[Event "Montreal Elite POM"]
[Site "Montreal"]
[Date "2012.10.06"]
[Round "3.8"]
[White "Le Duin, Thierry"]
[Black "Libersan, Thierry"]
[Result "1/2-1/2"]
[WhiteElo "2023"]
[BlackElo "2111"]
[PlyCount "129"]
[EventDate "2012.10.05"]
[EventType "swiss"]
[EventRounds "7"]
[EventCountry "CAN"]
[SourceTitle "EXT 2022"]
[Source "ChessBase"]
[SourceDate "2021.10.06"]
[SourceVersion "1"]
[SourceVersionDate "2021.10.06"]
[SourceQuality "1"]

1. d4 c5 2. Nf3 e6 3. c3 d5 4. Bg5 Nf6 5. e3 Nbd7 6. Nbd2 Be7 7. Bd3 0-0 8. Ne5 cxd4 9. exd4 Nxe5 10. dxe5 Nd7 11. Bxe7 Qxe7 12. f4 f6 13. Nf3 fxe5 14. fxe5 Nc5 15. 0-0 Nxd3 16. Qxd3 Bd7 17. Rad1 a6 18. Qe3 Rac8 19. Nd4 h6 20. Qg3 Rxf1+ 21. Rxf1 Rf8 22. Rxf8+ Qxf8 23. Qh4 Kh7 24. g3 g5 25. Qg4 Qf7 26. Kg2 Qg6 27. Qe2 Kg7 28. Qc2 Qf7 29. Qb3 Bc8 30. Qb6 Qe7 31. Nc2 h5 32. Nd4 Kg6 33. Nf3 g4 34. Nh4+ Kg7 35. Kg1 Qg5 36. Qc7+ Kh6 37. Qf7 Qc1+ 38. Qf1 Qxf1+ 39. Kxf1 Kg5 40. Ke2 Bd7 41. Ke3 b6 42. Kd4 Bb5 43. Ng2 Bd7 44. Ne3 Bb5 45. b3 Kg6 46. Ng2 Kf5 47. Ne3+ Kg6 48. c4 dxc4 49. bxc4 Bc6 50. a3 Kf7 51. Kc3 a5 52. Nc2 Ke7 53. Nd4 Kd7 54. Ne2 Ke7 55. Kd4 Bd7 56. Ke3 Be8 57. Kf4 Bg6 58. Ke3 Kd7 59. Nd4 Bh7 60. Nb5 Kc6 61. Kd4 Bb1 62. Nc3 Bc2 63. Ne2 Bg6 64. Nf4 Bf7 65. Ne2 1/2-1/2

[Event "Quebec op"]
[Site "Montreal"]
[Date "2012.07.26"]
[Round "7"]
[White "Le Duin, Thierry"]
[Black "Lopez Linares, Lizandro Fernando"]
[Result "1-0"]
[WhiteElo "1938"]
[BlackElo "2096"]
[PlyCount "115"]
[EventDate "2012.07.21"]
[EventType "swiss"]
[EventRounds "9"]
[EventCountry "CAN"]
[SourceTitle "EXT 2022"]
[Source "ChessBase"]
[SourceDate "2021.10.06"]
[SourceVersion "1"]
[SourceVersionDate "2021.10.06"]
[SourceQuality "1"]

1. d4 Nf6 2. Nf3 c5 3. Bg5 cxd4 4. Bxf6 gxf6 5. Nxd4 e6 6. c3 d6 7. e3 a6 8. Bd3 h5 9. Nd2 Nd7 10. Be2 h4 11. Qa4 h3 12. g3 Rb8 13. c4 Qc7 14. 0-0 f5 15. Rac1 Bg7 16. b4 0-0 17. Rfd1 Nf6 18. Bf1 e5 19. Ne2 f4 20. exf4 e4 21. Nc3 Qe7 22. Re1 Re8 23. Ncxe4 Bd7 24. Nxf6+ Bxf6 25. Rxe7 Bxa4 26. Rxe8+ Rxe8 27. Bxh3 Re2 28. Nf1 Rxa2 29. Ne3 Rb2 30. c5 dxc5 31. bxc5 Bd4 32. Bg2 Bc6 33. Bxc6 bxc6 34. Rc4 Bf6 35. Ra4 Rb5 36. Rxa6 Rxc5 37. Kf1 Bd4 38. Ke2 Rc3 39. Nd1 Rc5 40. Kd3 Bf6 41. Ra4 Rd5+ 42. Ke2 Rb5 43. Rc4 c5 44. h4 Bd4 45. g4 Kg7 46. Ne3 Kf6 47. Nd5+ Kg7 48. f3 Rb2+ 49. Kd3 Rf2 50. Ke4 Re2+ 51. Kf5 Rf2 52. Nb6 Ra2 53. Na4 Bf2 54. h5 Ra3 55. g5 Rxf3 56. Nxc5 Ra3 57. h6+ Kh7 58. Nd7 1-0

[Event "Quebec op"]
[Site "Montreal"]
[Date "2012.07.24"]
[Round "5"]
[White "Le Duin, Thierry"]
[Black "Forget, Luc"]
[Result "1-0"]
[WhiteElo "1938"]
[BlackElo "2000"]
[PlyCount "119"]
[EventDate "2012.07.21"]
[EventType "swiss"]
[EventRounds "9"]
[EventCountry "CAN"]
[SourceTitle "EXT 2022"]
[Source "ChessBase"]
[SourceDate "2021.10.06"]
[SourceVersion "1"]
[SourceVersionDate "2021.10.06"]
[SourceQuality "1"]

1. d4 Nf6 2. Nf3 b6 3. Bg5 Bb7 4. Nbd2 d5 5. e3 e6 6. Bd3 Be7 7. 0-0 c5 8. c3 Nc6 9. Ne5 0-0 10. f4 cxd4 11. exd4 Rc8 12. Rf3 Nxe5 13. fxe5 Ne4 14. Bxe7 Qxe7 15. Qe2 f5 16. exf6 Rxf6 17. Nxe4 Rxf3 18. Qxf3 Rf8 19. Qe2 dxe4 20. Bxe4 Bxe4 21. Qxe4 h5 22. Re1 Rf6 23. g3 Qf7 24. Qg2 Qd7 25. Re5 g6 26. Qe2 Qf7 27. b3 Kh8 28. c4 Qe7 29. d5 Qc5+ 30. Kg2 exd5 31. Rxd5 Qc6 32. Qe5 Kg8 33. Kg1 Re6 34. Rd8+ Kf7 35. Qd5 Qc5+ 36. Qxc5 bxc5 37. Rd7+ Kf6 38. Rxa7 Ke5 39. Rd7 Ke4 40. Kf2 Ra6 41. Rd2 g5 42. Ke2 g4 43. a4 h4 44. gxh4 Rh6 45. Kd1 Rxh4 46. Kc2 Rh3 47. Kb2 Ke3 48. Rc2 Ke4 49. Ka3 Kd4 50. a5 g3 51. hxg3 Rxg3 52. Kb2 Rg5 53. Rd2+ Ke4 54. Ka3 Rg1 55. Ka4 Ra1+ 56. Kb5 Ra3 57. Kxc5 Rxb3 58. Ra2 Rb8 59. a6 Rc8+ 60. Kd6 1-0

[Event "Quebec-ch Elite"]
[Site "Montreal"]
[Date "2011.10.07"]
[Round "1"]
[White "Le Duin, Thierry"]
[Black "Hebert, Jean"]
[Result "0-1"]
[WhiteElo "2011"]
[BlackElo "2410"]
[PlyCount "48"]
[EventDate "2011.10.07"]
[EventType "swiss"]
[EventRounds "7"]
[EventCountry "CAN"]
[SourceTitle "EXT 2022"]
[Source "ChessBase"]
[SourceDate "2021.10.06"]
[SourceVersion "1"]
[SourceVersionDate "2021.10.06"]
[SourceQuality "1"]

1. d4 Nf6 2. Nf3 g6 3. c4 Bg7 4. Nc3 0-0 5. Bf4 d6 6. e3 c5 7. dxc5 dxc5 8. Qxd8 Rxd8 9. Rd1 Rxd1+ 10. Kxd1 Nc6 11. Ne5 Nxe5 12. Bxe5 Ng4 13. Bxg7 Nxf2+ 14. Ke1 Nxh1 15. Be5 f6 16. Bc7 Bd7 17. Nd5 Kf7 18. g3 b6 19. e4 g5 20. Bg2 Re8 21. e5 Be6 22. Bxh1 Bxd5 23. Bxd5+ e6 24. Bd6 exd5 0-1

[Event "Quebec-ch Elite"]
[Site "Montreal"]
[Date "2010.10.10"]
[Round "4"]
[White "Khashper, Arkady"]
[Black "Le Duin, Thierry"]
[Result "0-1"]
[WhiteElo "2208"]
[BlackElo "1902"]
[PlyCount "108"]
[EventDate "2010.10.08"]
[EventType "swiss"]
[EventRounds "7"]
[EventCountry "CAN"]
[SourceTitle "EXT 2013"]
[Source "ChessBase"]
[SourceDate "2012.11.22"]
[SourceVersion "1"]
[SourceVersionDate "2012.11.22"]
[SourceQuality "1"]

1. d4 Nf6 2. Bg5 h6 3. Bxf6 gxf6 4. e3 d5 5. Nf3 Bg4 6. Be2 c6 7. Nc3 Nd7 8. Nh4 Bxe2 9. Qxe2 e6 10. 0-0 f5 11. Nf3 Bd6 12. Nd1 Qf6 13. c4 Qg6 14. Nh4 Qg5 15. Nf3 Qh5 16. cxd5 Bxh2+ 17. Kh1 Bd6+ 18. Kg1 exd5 19. Nc3 0-0-0 20. Ne5 Qxe2 21. Nxe2 Nxe5 22. dxe5 Bxe5 23. Rab1 Rhg8 24. g3 h5 25. f4 Bf6 26. Kf2 h4 27. gxh4 Bxh4+ 28. Kf3 Rg4 29. Rh1 Rdg8 30. Rh3 Kd7 31. Rbh1 Bf6 32. b3 Ke6 33. Rh5 c5 34. R1h3 Rg2 35. a4 d4 36. exd4 cxd4 37. Rg3 R8xg3+ 38. Nxg3 Rb2 39. Nxf5 Rxb3+ 40. Ke2 a5 41. Nh6 b6 42. Ng4 Ke7 43. Rf5 Bg7 44. Rg5 Kf8 45. Rd5 Rb4 46. Rd8+ Ke7 47. Rb8 Rb3 48. Rb7+ Kd6 49. Rxf7 d3+ 50. Kd2 Bd4 51. f5 Bc5 52. Rf6+ Kd5 53. Ne3+ Kd4 54. Nc2+ dxc2 0-1

[Event "Quebec-ch classe"]
[Site "Trois Rivieres"]
[Date "2009.10.09"]
[Round "1"]
[White "Kraiouchkine, Nikita"]
[Black "Le Duin, Thierry"]
[Result "1-0"]
[WhiteElo "2241"]
[BlackElo "2029"]
[PlyCount "79"]
[EventDate "2009.10.09"]
[EventType "swiss"]
[EventRounds "5"]
[EventCountry "CAN"]
[SourceTitle "EXT 2011"]
[Source "ChessBase"]
[SourceDate "2010.11.26"]
[SourceVersion "1"]
[SourceVersionDate "2010.11.26"]
[SourceQuality "1"]

1. e4 d5 2. exd5 Nf6 3. Nf3 Qxd5 4. Nc3 Qh5 5. d4 Bg4 6. Be2 Nc6 7. h3 0-0-0 8. 0-0 e5 9. d5 Bb4 10. hxg4 Nxg4 11. Nh4 f5 12. Bxg4 fxg4 13. Ne4 Be7 14. Ng3 Qxh4 15. Be3 h5 16. c4 Qf6 17. Ne4 Qg6 18. Qc2 Nd4 19. Bxd4 exd4 20. Rfd1 Rhe8 21. Qd3 Bh4 22. Re1 Qb6 23. Re2 Bf6 24. Rae1 Kb8 25. a3 a6 26. b4 h4 27. Nc5 Rxe2 28. Rxe2 Qd6 29. Qf5 g3 30. f3 Ka7 31. Re6 Qf8 32. Qe4 Rd6 33. Re8 Qf7 34. a4 b6 35. Nd3 Qd7 36. c5 Rxd5 37. Nf4 d3 38. Nxd5 d2 39. Ra8+ Kxa8 40. Nxb6+ 1-0